[Event "23. Torneo San Viator"]
[Site "Madrid ESP"]
[Date "2014.09.28"]
[Round "1.46"]
[White "Hidalgo Prado, David"]
[Black "Lianes Garcia, Alicia"]
[Result "1-0"]
[WhiteElo "1449"]
[BlackElo "1346"]
[PlyCount "123"]
[EventDate "2014.09.28"]
[EventType "swiss"]
[EventRounds "9"]
[EventCountry "ESP"]
[SourceTitle "Ajedrez en Madrid"]
[Source "lmi"]
[SourceDate "2014.09.28"]
[SourceVersion "1"]
[SourceVersionDate "2014.12.18"]
[SourceQuality "1"]

1. e4 e5 2. Nf3 Nc6 3. Bb5 a6 4. Ba4 Nf6 5. Qe2 b5 6. Bb3 Be7 7. c3 d6 8. d3
Na5 9. Bc2 c5 10. Be3 O-O 11. Nbd2 Qc7 12. Nf1 Be6 13. Ng3 Qd7 14. h3 Rac8 15.
O-O c4 16. d4 exd4 17. Nxd4 Nc6 18. Ngf5 g6 19. Nxe6 Qxe6 20. Nxe7+ Qxe7 21.
Rad1 Rcd8 22. Bg5 Qe5 23. f4 Qe7 24. Qf3 Kg7 25. e5 dxe5 26. Qxc6 Qa7+ 27. Kh2
Qe7 28. Bxf6+ Qxf6 29. Qxf6+ Kxf6 30. fxe5+ Kg7 31. Kg3 Rfe8 32. Rxd8 Rxd8 33.
Rd1 Rxd1 34. Bxd1 Kf8 35. a3 Ke7 36. Kf4 Ke6 37. Bf3 a5 38. Bc6 f6 39. exf6
Kxf6 40. Bxb5 Ke6 41. Bxc4+ Kd6 42. Ke4 Kc5 43. Kd3 h5 44. h4 a4 45. g3 Kd6 46.
Bf7 Ke7 47. Bxg6 Kf6 48. Bxh5 Kf5 49. Kd4 Kf6 50. Kd5 Kf5 51. c4 Kf6 52. Kd6
Kf5 53. c5 Ke4 54. Bd1 Kf5 55. c6 Kf6 56. c7 Kf7 57. c8=Q Kf6 58. Qe6+ Kg7 59.
Ke7 Kh8 60. Bc2 Kg7 61. Qg6+ Kh8 62. Qh7# 1-0

[Event "23. Torneo San Viator"]
[Site "Madrid ESP"]
[Date "2014.09.28"]
[Round "1.47"]
[White "Jimenez Perez, Federico"]
[Black "Enriquez Pastor, Jorge"]
[Result "1-0"]
[WhiteElo "1334"]
[BlackElo "1445"]
[PlyCount "43"]
[EventDate "2014.09.28"]
[EventType "swiss"]
[EventRounds "9"]
[EventCountry "ESP"]
[SourceTitle "Ajedrez en Madrid"]
[Source "lmi"]
[SourceDate "2014.09.28"]
[SourceVersion "1"]
[SourceVersionDate "2014.12.18"]
[SourceQuality "1"]

1. e4 c6 2. d4 d5 3. Nc3 dxe4 4. Nxe4 Bf5 5. Ng3 Bg6 6. Nf3 h6 7. Ne5 Bh7 8.
Bc4 e6 9. O-O Nf6 10. Re1 Bd6 11. Qf3 O-O 12. Bd3 Bxd3 13. cxd3 Bb4 14. Re3
Qxd4 15. Nh5 Nbd7 16. Nxd7 Nxd7 17. Re4 Qc5 18. Nxg7 Qe7 19. Qg3 Kh8 20. Rh4 f5
21. Rxh6+ Kg8 22. Nxf5+ 1-0

[Event "23. Torneo San Viator"]
[Site "Madrid ESP"]
[Date "2014.09.28"]
[Round "1.48"]
[White "Insua Rodriguez, Antonio"]
[Black "Del Noval Nemeshazi, Mario"]
[Result "1/2-1/2"]
[WhiteElo "1430"]
[BlackElo "1309"]
[PlyCount "76"]
[EventDate "2014.09.28"]
[EventType "swiss"]
[EventRounds "9"]
[EventCountry "ESP"]
[SourceTitle "Ajedrez en Madrid"]
[Source "lmi"]
[SourceDate "2014.09.28"]
[SourceVersion "1"]
[SourceVersionDate "2014.12.18"]
[SourceQuality "1"]

1. Nc3 d5 2. e4 d4 3. Nce2 e5 4. Nf3 Bd6 5. Ng3 Ne7 6. c3 c5 7. Bb5+ Nbc6 8. d3
h6 9. Nd2 O-O 10. O-O Qa5 11. Bc4 dxc3 12. bxc3 Qxc3 13. Rb1 Qa5 14. Bb2 Nb4
15. Bc3 Qc7 16. Ne2 a6 17. a3 Nbc6 18. Bb3 b5 19. Ba1 Qa5 20. Bc3 b4 21. Nc4
Qd8 22. Nxd6 Qxd6 23. axb4 cxb4 24. Bd2 Qxd3 25. Bc2 Qb5 26. Ba4 Qc5 27. Rc1
Qd6 28. Bb3 Qg6 29. Kh1 Qxe4 30. Ng3 Qd4 31. Rc4 Qb6 32. Qe1 a5 33. Be3 Qa6 34.
Qc1 a4 35. Bd1 a3 36. Bf3 a2 37. Bxc6 a1=Q 38. Qxa1 Qxc4 1/2-1/2

[Event "23. Torneo San Viator"]
[Site "Madrid ESP"]
[Date "2014.09.28"]
[Round "1.49"]
[White "Sanz Soriano, Ruben"]
[Black "Martin Rodriguez, Jose Luis"]
[Result "0-1"]
[WhiteElo "1304"]
[BlackElo "1430"]
[PlyCount "126"]
[EventDate "2014.09.28"]
[EventType "swiss"]
[EventRounds "9"]
[EventCountry "ESP"]
[SourceTitle "Ajedrez en Madrid"]
[Source "lmi"]
[SourceDate "2014.09.28"]
[SourceVersion "1"]
[SourceVersionDate "2014.12.18"]
[SourceQuality "1"]

1. e4 e6 2. d4 d5 3. e5 c5 4. c3 Nc6 5. Be3 Qb6 6. Qb3 Qxb3 7. axb3 cxd4 8.
Bxd4 Nxd4 9. cxd4 Bd7 10. Bd3 Bb4+ 11. Nc3 Ne7 12. Nf3 O-O 13. O-O Rfc8 14. Nb5
Bxb5 15. Bxb5 Rc2 16. Ra4 a5 17. Rfa1 Rac8 18. h3 Rxb2 19. Bd7 Rc7 20. Rxb4
Rxd7 21. Rxa5 h6 22. Ra8+ Kh7 23. Rb8 Nc6 24. R8xb7 Rxb7 25. Rxb7 Kg8 26. Rc7
Na5 27. Rc8+ Kh7 28. Rf8 Rxb3 29. Rxf7 Rb7 30. Rxb7 Nxb7 31. g4 Nd8 32. g5 Nf7
33. h4 hxg5 34. Nxg5+ Nxg5 35. hxg5 Kg6 36. f4 Kf5 37. Kg2 Kxf4 38. Kh3 Kxg5
39. Kg3 Kf5 40. Kf3 g6 41. Ke3 Kg4 42. Kd3 Kf4 43. Kd2 Ke4 44. Kc3 Ke3 45. Kc2
Kxd4 46. Kd2 Kxe5 47. Ke3 g5 48. Ke2 Ke4 49. Ke1 Ke3 50. Kf1 d4 51. Ke1 d3 52.
Kd1 g4 53. Ke1 g3 54. Kd1 g2 55. Kc1 g1=Q+ 56. Kb2 Qf2+ 57. Kc3 Qc2+ 58. Kb4
Kd4 59. Kb5 Qc4+ 60. Ka5 Qb3 61. Ka6 Kc5 62. Ka7 Kc6 63. Ka8 Qb7# 0-1

[Event "23. Torneo San Viator"]
[Site "Madrid ESP"]
[Date "2014.09.28"]
[Round "1.50"]
[White "Fernandez Santos, Nicolas"]
[Black "Diaz Del Prado, Carlos"]
[Result "1-0"]
[WhiteElo "1430"]
[BlackElo "1288"]
[PlyCount "83"]
[EventDate "2014.09.28"]
[EventType "swiss"]
[EventRounds "9"]
[EventCountry "ESP"]
[SourceTitle "Ajedrez en Madrid"]
[Source "lmi"]
[SourceDate "2014.09.28"]
[SourceVersion "1"]
[SourceVersionDate "2014.12.18"]
[SourceQuality "1"]

1. c4 g6 2. g3 Bg7 3. Bg2 d6 4. Nf3 Nf6 5. Nc3 O-O 6. O-O e5 7. d3 Nc6 8. Rb1
Ne7 9. a3 Bg4 10. Ng5 c6 11. Nge4 Ne8 12. Bg5 f5 13. Bxe7 Qxe7 14. Nd2 e4 15.
dxe4 Bxc3 16. f3 fxe4 17. fxg4 Rxf1+ 18. Kxf1 Bxd2 19. Qxd2 Qf7+ 20. Qf4 Qxf4+
21. gxf4 Nf6 22. g5 Nh5 23. e3 Re8 24. Rd1 Re6 25. Bh3 Re7 26. Rxd6 Ng7 27. Rd7
Rxd7 28. Bxd7 Nf5 29. Bxf5 gxf5 30. Ke2 Kf7 31. Kd2 b6 32. Kc3 c5 33. b4 a6 34.
bxc5 bxc5 35. Kb3 Ke6 36. Ka4 Kd6 37. Ka5 Kc6 38. Kxa6 Kc7 39. h4 Kc6 40. h5
Kc7 41. g6 hxg6 42. hxg6 1-0

[Event "23. Torneo San Viator"]
[Site "Madrid ESP"]
[Date "2014.09.28"]
[Round "1.51"]
[White "Olias Ruiz, Enrique"]
[Black "Santos Burkholz, Mario"]
[Result "0-1"]
[WhiteElo "1212"]
[BlackElo "1426"]
[PlyCount "85"]
[EventDate "2014.09.28"]
[EventType "swiss"]
[EventRounds "9"]
[EventCountry "ESP"]
[SourceTitle "Ajedrez en Madrid"]
[Source "lmi"]
[SourceDate "2014.09.28"]
[SourceVersion "1"]
[SourceVersionDate "2014.12.18"]
[SourceQuality "1"]

1. e4 e6 2. d4 d5 3. Nf3 dxe4 4. Ng5 f5 5. Bc4 Qd6 6. O-O Nf6 7. h3 h6 8. Nc3
hxg5 9. Bxg5 Ng4 10. g3 Nf6 11. Bf4 Qd8 12. Kg2 Bd6 13. Bg5 Nc6 14. d5 exd5 15.
Bxd5 Ne5 16. Qe2 f4 17. Nxe4 f3+ 18. Qxf3 Nxf3 19. Kxf3 Bf5 20. Nxf6+ gxf6 21.
Rae1+ Kd7 22. Bh4 Kc8 23. Rh1 Bd7 24. c4 Bc6 25. Re6 Bxd5+ 26. cxd5 Be5 27. Rd1
Re8 28. Ke2 Rxe6 29. dxe6 Qe7 30. f4 Bxf4 31. gxf4 Qxe6+ 32. Kf3 Qxh3+ 33. Bg3
Qh5+ 34. Ke4 Qxd1 35. Kf5 Qd3+ 36. Kg4 Qg6+ 37. Kf3 Kd7 38. Bf2 Rh8 39. Bxa7
Rh3+ 40. Kf2 Qg3+ 41. Kf1 Rh2 42. f5 Qf3+ 43. Ke1 0-1

[Event "23. Torneo San Viator"]
[Site "Madrid ESP"]
[Date "2014.10.05"]
[Round "2.1"]
[White "Luque Ibanez, Manuel"]
[Black "Elissalt Cardenas, Hector"]
[Result "0-1"]
[WhiteElo "1994"]
[BlackElo "2334"]
[PlyCount "90"]
[EventDate "2014.09.28"]
[EventType "swiss"]
[EventRounds "9"]
[EventCountry "ESP"]
[SourceTitle "Ajedrez en Madrid"]
[Source "lmi"]
[SourceDate "2014.09.28"]
[SourceVersion "1"]
[SourceVersionDate "2014.12.18"]
[SourceQuality "1"]

1. e4 d6 2. d4 Nf6 3. Nc3 e5 4. dxe5 dxe5 5. Qxd8+ Kxd8 6. Bg5 Bd6 7. O-O-O
Nbd7 8. Nf3 Ke8 9. Nb5 Ke7 10. Bc4 h6 11. Nxd6 cxd6 12. Bxf6+ Nxf6 13. Bd5 Rb8
14. Rhe1 Bg4 15. Re3 Rhc8 16. h3 Be6 17. Bxe6 fxe6 18. Ne1 Rc4 19. f3 Rbc8 20.
Rb3 b6 21. Re3 g5 22. Rdd3 Nh5 23. Rc3 Rxc3 24. Rxc3 Rxc3 25. bxc3 Nf4 26. Kb2
d5 27. Kb3 Kd6 28. Kb4 a6 29. c4 d4 30. a4 Kc6 31. Nd3 a5+ 32. Kb3 Kd6 33. Ne1
h5 34. Kb2 h4 35. Kb3 Ne2 36. Nd3 Nc3 37. c5+ bxc5 38. Kc4 Nxa4 39. Kb5 Nc3+
40. Kxa5 c4 41. Nb4 Nd1 42. Kb6 Ne3 43. Kb5 c3 44. Kb6 Nxc2 45. Nxc2 d3 0-1

[Event "23. Torneo San Viator"]
[Site "Madrid ESP"]
[Date "2014.10.05"]
[Round "2.2"]
[White "Renteria, Jorge"]
[Black "Gil Sierra, Jacinto"]
[Result "1-0"]
[WhiteElo "2313"]
[BlackElo "1986"]
[PlyCount "57"]
[EventDate "2014.09.28"]
[EventType "swiss"]
[EventRounds "9"]
[EventCountry "ESP"]
[SourceTitle "Ajedrez en Madrid"]
[Source "lmi"]
[SourceDate "2014.09.28"]
[SourceVersion "1"]
[SourceVersionDate "2014.12.18"]
[SourceQuality "1"]

1. e4 c5 2. Nf3 Nc6 3. d4 cxd4 4. Nxd4 Nf6 5. Nc3 d6 6. Bg5 e6 7. Qd2 a6 8.
O-O-O h6 9. Be3 Bd7 10. f3 b5 11. Nxc6 Bxc6 12. Kb1 Qa5 13. h4 b4 14. Ne2 d5
15. Nd4 Bb5 16. e5 Nd7 17. f4 Bc5 18. g4 O-O 19. h5 Bc4 20. b3 Bxf1 21. Rhxf1
Qb6 22. Rg1 f6 23. Qh2 Qb8 24. g5 hxg5 25. h6 Rf7 26. hxg7 Rxg7 27. Rh1 fxe5
28. Nxe6 Bf8 29. Nxg5 1-0

[Event "23. Torneo San Viator"]
[Site "Madrid ESP"]
[Date "2014.10.05"]
[Round "2.3"]
[White "Sotoca Aguado, Jose"]
[Black "Nunez Miranda, Adrian"]
[Result "1-0"]
[WhiteElo "1948"]
[BlackElo "2120"]
[PlyCount "121"]
[EventDate "2014.09.28"]
[EventType "swiss"]
[EventRounds "9"]
[EventCountry "ESP"]
[SourceTitle "Ajedrez en Madrid"]
[Source "lmi"]
[SourceDate "2014.09.28"]
[SourceVersion "1"]
[SourceVersionDate "2014.12.18"]
[SourceQuality "1"]

1. e4 c5 2. Nf3 Nc6 3. d4 cxd4 4. Nxd4 Nf6 5. Nc3 e5 6. Ndb5 d6 7. Bg5 a6 8.
Na3 b5 9. Nd5 Qa5+ 10. c3 Nxe4 11. Be3 Rb8 12. Bd3 Nf6 13. Nxf6+ gxf6 14. Qf3
Bb7 15. Be4 Nd4 16. Bxd4 exd4 17. Bxb7 dxc3 18. Bc6+ Kd8 19. O-O cxb2 20. Rab1
Be7 21. Rxb2 Rc8 22. Nc2 Qb6 23. Bd5 Rg8 24. Ne3 Rg5 25. Nf5 Bf8 26. h4 Rg6 27.
Bxf7 Rc5 28. Bxg6 hxg6 29. Nd4 Ke7 30. Re2+ Kf7 31. Ne6 Rf5 32. Qa8 Be7 33. Qh8
Re5 34. Nf4 Rxe2 35. Qh7+ Kf8 36. Qh6+ Ke8 37. Qxg6+ Kd8 38. Qg8+ Kd7 39. Qg4+
f5 40. Qxf5+ Kd8 41. Nxe2 Qa5 42. Qe4 d5 43. Rd1 Kc7 44. Rxd5 Qb4 45. Qxb4 Bxb4
46. h5 Bf8 47. Rf5 Bh6 48. Rf7+ Kb8 49. Nd4 b4 50. Nc6+ Kc8 51. Nxb4 a5 52. Nd5
Bd2 53. g4 Kb8 54. f4 a4 55. h6 Bc1 56. h7 Bb2 57. Nf6 Bd4+ 58. Kg2 Bxf6 59.
Rxf6 a3 60. Rf7 Ka8 61. h8=Q# 1-0

[Event "23. Torneo San Viator"]
[Site "Madrid ESP"]
[Date "2014.10.05"]
[Round "2.4"]
[White "Unciti Juan, Javier"]
[Black "Garcia Galeote, Lorenzo"]
[Result "1-0"]
[WhiteElo "2106"]
[BlackElo "1950"]
[PlyCount "43"]
[EventDate "2014.09.28"]
[EventType "swiss"]
[EventRounds "9"]
[EventCountry "ESP"]
[SourceTitle "Ajedrez en Madrid"]
[Source "lmi"]
[SourceDate "2014.09.28"]
[SourceVersion "1"]
[SourceVersionDate "2014.12.18"]
[SourceQuality "1"]

1. e4 Nc6 2. Nc3 Nf6 3. Nf3 d6 4. d4 Bg4 5. d5 Nb8 6. h3 Bxf3 7. Qxf3 g6 8.
Bb5+ c6 9. dxc6 bxc6 10. e5 dxe5 11. Bxc6+ Nxc6 12. Qxc6+ Nd7 13. Bg5 Rc8 14.
Qa4 h6 15. Be3 Bg7 16. O-O-O Rc7 17. Rd5 e6 18. Rd2 Rb7 19. Rhd1 e4 20. Rxd7
Rxd7 21. Nxe4 Ke7 22. Bc5+ 1-0

[Event "23. Torneo San Viator"]
[Site "Madrid ESP"]
[Date "2014.10.05"]
[Round "2.5"]
[White "Cano Mercado, Francisco Manuel"]
[Black "Garcia Ruido, Ricardo"]
[Result "1-0"]
[WhiteElo "1885"]
[BlackElo "2063"]
[PlyCount "97"]
[EventDate "2014.09.28"]
[EventType "swiss"]
[EventRounds "9"]
[EventCountry "ESP"]
[SourceTitle "Ajedrez en Madrid"]
[Source "lmi"]
[SourceDate "2014.09.28"]
[SourceVersion "1"]
[SourceVersionDate "2014.12.18"]
[SourceQuality "1"]

1. d4 Nf6 2. c4 g6 3. Nf3 Bg7 4. g3 O-O 5. Bg2 d6 6. O-O Nbd7 7. Nc3 e5 8. Bg5
h6 9. Bxf6 Bxf6 10. e4 exd4 11. Nxd4 a6 12. Qd2 Rb8 13. Rad1 Bg7 14. f4 Re8 15.
h3 Nf6 16. Rfe1 c5 17. Nb3 Be6 18. Qxd6 Qxd6 19. Rxd6 Bf8 20. Rdd1 Bxc4 21. e5
Nh5 22. Kh2 b6 23. Bd5 Bxd5 24. Nxd5 Bg7 25. Kg2 g5 26. Kf3 f5 27. Nc7 Rec8 28.
Ne6 Rb7 29. Rd6 Re8 30. Red1 a5 31. a4 Bh8 32. Rd8 Rbe7 33. Rxe8+ Rxe8 34. Nc7
Re7 35. Nb5 Ng7 36. Rd6 Re6 37. Nd2 Kf7 38. Nc4 Ne8 39. Rxb6 Rxb6 40. Nxb6 Bg7
41. Nc4 Ke6 42. Nxa5 Kd5 43. b3 Bf8 44. Nc4 Ng7 45. Ke3 Ne6 46. Ncd6 gxf4+ 47.
gxf4 Nd4 48. Nxd4 cxd4+ 49. Kd3 1-0

[Event "23. Torneo San Viator"]
[Site "Madrid ESP"]
[Date "2014.10.05"]
[Round "2.6"]
[White "Garcia-Ruiz Fuentes, Angel M"]
[Black "Aguilera Lopez, Alejandro"]
[Result "1-0"]
[WhiteElo "2062"]
[BlackElo "1867"]
[PlyCount "79"]
[EventDate "2014.09.28"]
[EventType "swiss"]
[EventRounds "9"]
[EventCountry "ESP"]
[SourceTitle "Ajedrez en Madrid"]
[Source "lmi"]
[SourceDate "2014.09.28"]
[SourceVersion "1"]
[SourceVersionDate "2014.12.18"]
[SourceQuality "1"]

1. e4 c5 2. Nf3 e6 3. d4 cxd4 4. Nxd4 Nf6 5. Nc3 Nc6 6. Be2 Bb4 7. O-O Bxc3 8.
bxc3 Nxe4 9. Qd3 d5 10. Ba3 Bd7 11. c4 Nxd4 12. Qxd4 Qf6 13. Qd3 Nxf2 14. Qe3
dxc4 15. Qxf2 Qxf2+ 16. Rxf2 b5 17. Bc5 a6 18. Bd6 Bc6 19. a4 O-O-O 20. axb5
Bxb5 21. Bb4 Rd7 22. Rf4 Ra7 23. Bxc4 Bxc4 24. Rxc4+ Rc7 25. Rxc7+ Kxc7 26.
Rxa6 Kb7 27. Ra3 Kb6 28. Rd3 Kc6 29. Kf2 e5 30. Rd6+ Kc7 31. Rd5 f6 32. Ba5+
Kc8 33. Ke3 Re8 34. Rc5+ Kb7 35. Rc7+ Ka6 36. Bb4 g6 37. Rxh7 Re6 38. c3 Kb5
39. h4 Ra6 40. Rh6 1-0

[Event "23. Torneo San Viator"]
[Site "Madrid ESP"]
[Date "2014.10.05"]
[Round "2.7"]
[White "Lianes Garcia, Marcos"]
[Black "Cabanas Bravo, Juan Andres"]
[Result "0-1"]
[WhiteElo "1870"]
[BlackElo "2058"]
[PlyCount "114"]
[EventDate "2014.09.28"]
[EventType "swiss"]
[EventRounds "9"]
[EventCountry "ESP"]
[SourceTitle "Ajedrez en Madrid"]
[Source "lmi"]
[SourceDate "2014.09.28"]
[SourceVersion "1"]
[SourceVersionDate "2014.12.18"]
[SourceQuality "1"]

1. e4 e5 2. Nc3 Nc6 3. Nf3 Nf6 4. Bb5 Bc5 5. d3 d6 6. Bg5 h6 7. Bxf6 Qxf6 8.
Nd5 Qd8 9. c3 a6 10. Ba4 O-O 11. b4 Ba7 12. Bb3 Ne7 13. Nxe7+ Qxe7 14. O-O Bg4
15. h3 Bh5 16. g4 Bg6 17. Kg2 c6 18. Qe2 Rad8 19. a3 Rfe8 20. Rfe1 Qf6 21. c4
Re6 22. b5 Qe7 23. bxc6 bxc6 24. Ba4 Rc8 25. Rab1 Rf6 26. Rb2 Rf4 27. Reb1 h5
28. Rb7 Rc7 29. Rxc7 Qxc7 30. g5 h4 31. Bd1 Bh5 32. Qd2 Bxf3+ 33. Bxf3 Qe7 34.
Bg4 Rxf2+ 35. Qxf2 Bxf2 36. Kxf2 Qxg5 37. Ke2 Qd8 38. Rb7 Qa5 39. Rb8+ Kh7 40.
Rb7 Kg6 41. Rb3 Qa4 42. Rb6 a5 43. Ra6 Kg5 44. Ra7 Qc2+ 45. Ke3 Qc1+ 46. Ke2 f6
47. Rxg7+ Kf4 48. Bf5 Qe3+ 49. Kf1 Qxd3+ 50. Kf2 Qc2+ 51. Kg1 Qxc4 52. Kf2 Qa2+
53. Kg1 Qxa3 54. Kf2 Qb2+ 55. Kg1 a4 56. Rg2 a3 57. Be6 Qxg2+ 0-1

[Event "23. Torneo San Viator"]
[Site "Madrid ESP"]
[Date "2014.10.05"]
[Round "2.8"]
[White "Jimenez Gonzalez, Marcos"]
[Black "Cervino Rossel, Cristobal"]
[Result "0-1"]
[WhiteElo "1887"]
[BlackElo "2109"]
[PlyCount "64"]
[EventDate "2014.09.28"]
[EventType "swiss"]
[EventRounds "9"]
[EventCountry "ESP"]
[SourceTitle "Ajedrez en Madrid"]
[Source "lmi"]
[SourceDate "2014.09.28"]
[SourceVersion "1"]
[SourceVersionDate "2014.12.18"]
[SourceQuality "1"]

1. Nf3 d5 2. g3 Nf6 3. Bg2 g6 4. O-O Bg7 5. d3 O-O 6. Nbd2 c5 7. e4 d4 8. Re1
Nc6 9. Nf1 e5 10. h3 h6 11. N3d2 Nh7 12. a4 Ng5 13. Kh2 Qd7 14. g4 f5 15. f3
fxg4 16. hxg4 Ne6 17. Ng3 Qe7 18. Ndf1 Nf4 19. Kg1 Be6 20. Ne2 Rf7 21. Nxf4
exf4 22. Nh2 Be5 23. b3 Rh7 24. Qe2 Kg7 25. Bh3 Qh4 26. Bg2 Rah8 27. Qf2 Qg5
28. Re2 h5 29. Kf1 hxg4 30. Nxg4 Rh1+ 31. Bxh1 Rxh1+ 32. Kg2 Qh5 0-1

[Event "23. Torneo San Viator"]
[Site "Madrid ESP"]
[Date "2014.10.05"]
[Round "2.9"]
[White "Vazquez Gonzalez, Francisco"]
[Black "Rodriguez Valero, Martin"]
[Result "0-1"]
[WhiteElo "1975"]
[BlackElo "1814"]
[PlyCount "68"]
[EventDate "2014.09.28"]
[EventType "swiss"]
[EventRounds "9"]
[EventCountry "ESP"]
[SourceTitle "Ajedrez en Madrid"]
[Source "lmi"]
[SourceDate "2014.09.28"]
[SourceVersion "1"]
[SourceVersionDate "2014.12.18"]
[SourceQuality "1"]

1. e4 d6 2. d4 Nf6 3. Nc3 e5 4. dxe5 dxe5 5. Qxd8+ Kxd8 6. Bc4 Be6 7. Bxe6 fxe6
8. Nf3 Bd6 9. Bg5 a6 10. O-O-O Ke7 11. h3 Nc6 12. Rhf1 h6 13. Bh4 Rhf8 14. Nd2
g5 15. Bg3 Nh5 16. Bh2 Nf4 17. Bxf4 exf4 18. Nb3 Ne5 19. Nb1 h5 20. N1d2 b5 21.
Nf3 Nxf3 22. gxf3 c5 23. e5 Bxe5 24. Nxc5 Rfd8 25. Rfe1 Rxd1+ 26. Rxd1 Rc8 27.
Rd7+ Ke8 28. Ra7 Rxc5 29. Rxa6 Kf7 30. c3 b4 31. Ra7+ Kg6 32. a4 bxc3 33. b4
Rc4 34. Rb7 c2 0-1

[Event "23. Torneo San Viator"]
[Site "Madrid ESP"]
[Date "2014.10.05"]
[Round "2.10"]
[White "Martos De La Vega, Alvar"]
[Black "Luna Hermoso, Angel"]
[Result "0-1"]
[WhiteElo "1951"]
[BlackElo "1955"]
[PlyCount "100"]
[EventDate "2014.09.28"]
[EventType "swiss"]
[EventRounds "9"]
[EventCountry "ESP"]
[SourceTitle "Ajedrez en Madrid"]
[Source "lmi"]
[SourceDate "2014.09.28"]
[SourceVersion "1"]
[SourceVersionDate "2014.12.18"]
[SourceQuality "1"]

1. d4 Nf6 2. c4 g6 3. Nc3 Bg7 4. e4 d6 5. Nf3 O-O 6. Be2 e5 7. dxe5 dxe5 8.
Qxd8 Rxd8 9. Bg5 c6 10. O-O Nbd7 11. Rfd1 Re8 12. Rd6 h6 13. Bxf6 Nxf6 14. Rad1
Nh5 15. Rd8 Be6 16. Rxa8 Rxa8 17. g3 Re8 18. Kg2 Re7 19. Rd8+ Kh7 20. c5 Nf6
21. b4 Re8 22. Rd1 Nd7 23. Nd2 b6 24. cxb6 Bf8 25. Bc4 Nxb6 26. Bxe6 Rxe6 27.
a3 Rd6 28. Kf1 Rd4 29. Ke2 Kg7 30. Nb3 Rxd1 31. Kxd1 Nc4 32. Nb1 f5 33. exf5
gxf5 34. Kc2 e4 35. Nc1 Ne5 36. Nd2 c5 37. Kb3 cxb4 38. axb4 a5 39. Nc4 Nxc4
40. Kxc4 Bxb4 41. Ne2 Be1 42. Nd4 Kf6 43. f3 e3 44. Kd3 a4 45. Kc4 Ke5 46. Nc6+
Kf6 47. Nd4 h5 48. Ne2 h4 49. Kd3 Bxg3 50. Nxg3 hxg3 0-1

[Event "23. Torneo San Viator"]
[Site "Madrid ESP"]
[Date "2014.10.05"]
[Round "2.11"]
[White "Lopez Ziegler, Carlos"]
[Black "Uceda Martinez, Jacinto"]
[Result "1-0"]
[WhiteElo "1954"]
[BlackElo "1795"]
[PlyCount "77"]
[EventDate "2014.09.28"]
[EventType "swiss"]
[EventRounds "9"]
[EventCountry "ESP"]
[SourceTitle "Ajedrez en Madrid"]
[Source "lmi"]
[SourceDate "2014.09.28"]
[SourceVersion "1"]
[SourceVersionDate "2014.12.18"]
[SourceQuality "1"]

1. e4 c5 2. Nc3 a6 3. Nge2 Nc6 4. d4 cxd4 5. Nxd4 e6 6. Be2 Bc5 7. Be3 Bxd4 8.
Bxd4 Qg5 9. O-O Nge7 10. f4 Qh6 11. Be3 O-O 12. Rf3 f5 13. e5 Qg6 14. Bc5 Qe8
15. a4 Qd8 16. a5 Rf7 17. b4 Ng6 18. Na4 Qh4 19. g3 Qd8 20. Nb6 Rb8 21. Bd6
Nge7 22. c4 g5 23. Qd2 Ng6 24. b5 Nce7 25. Bxb8 gxf4 26. gxf4 Nh4 27. Rg3+ Neg6
28. Bd6 Kh8 29. Rf1 Rg7 30. Qe3 Qg8 31. Kh1 Qd8 32. Rfg1 Rg8 33. Qf2 Rg7 34.
Bh5 Qe8 35. Bxg6 Nxg6 36. Rg5 Qd8 37. h4 Rg8 38. h5 Ne7 39. Bxe7 1-0

[Event "23. Torneo San Viator"]
[Site "Madrid ESP"]
[Date "2014.10.05"]
[Round "2.12"]
[White "Bustos Bernardo, Samuel"]
[Black "Martin Hernandez, Vicente"]
[Result "1/2-1/2"]
[WhiteElo "1826"]
[BlackElo "1950"]
[PlyCount "105"]
[EventDate "2014.09.28"]
[EventType "swiss"]
[EventRounds "9"]
[EventCountry "ESP"]
[SourceTitle "Ajedrez en Madrid"]
[Source "lmi"]
[SourceDate "2014.09.28"]
[SourceVersion "1"]
[SourceVersionDate "2014.12.18"]
[SourceQuality "1"]

1. Nf3 d5 2. d4 Nf6 3. c4 e6 4. Nc3 Nbd7 5. Bg5 c6 6. e3 Qa5 7. Nd2 Bb4 8. Qc2
O-O 9. Be2 dxc4 10. Bxf6 Nxf6 11. Nxc4 Qg5 12. O-O Bxc3 13. bxc3 Nd5 14. f4 Qe7
15. e4 Nc7 16. e5 Rd8 17. Bd3 h6 18. Rf3 c5 19. Nd6 cxd4 20. cxd4 Ne8 21. Nxe8
Qxe8 22. Qf2 Qa4 23. Rc1 Rxd4 24. Bb5 Rd1+ 25. Rxd1 Qxd1+ 26. Bf1 Bd7 27. Rd3
Qa4 28. Rd4 Qc6 29. Rd6 Qc7 30. h3 Bc6 31. f5 exf5 32. Qxf5 Re8 33. Bd3 g6 34.
Qf4 Kh7 35. Bc4 Re7 36. h4 Be8 37. Kh1 Qc8 38. Bd3 Qc5 39. e6 Rxe6 40. Rxe6
fxe6 41. Qb8 Qe7 42. h5 a6 43. Qg3 Qg5 44. Qc7+ Kg8 45. hxg6 Bxg6 46. Bxg6 Qxg6
47. Qc8+ Kg7 48. Qxb7+ Kf6 49. Qxa6 Qb1+ 50. Kh2 Qb8+ 51. Kg1 Ke7 52. Qa3+ Kf7
53. Qf3+ 1/2-1/2

[Event "23. Torneo San Viator"]
[Site "Madrid ESP"]
[Date "2014.10.05"]
[Round "2.14"]
[White "Sirera Ripoll, Jose"]
[Black "Vazquez Gonzalez, Jesus"]
[Result "0-1"]
[WhiteElo "1761"]
[BlackElo "2034"]
[PlyCount "65"]
[EventDate "2014.09.28"]
[EventType "swiss"]
[EventRounds "9"]
[EventCountry "ESP"]
[SourceTitle "Ajedrez en Madrid"]
[Source "lmi"]
[SourceDate "2014.09.28"]
[SourceVersion "1"]
[SourceVersionDate "2014.12.18"]
[SourceQuality "1"]

1. e4 c5 2. Nc3 g6 3. f4 Bg7 4. Nf3 Nc6 5. Bb5 e6 6. O-O Nge7 7. Qe1 a6 8. Be2
Nd4 9. Nxd4 cxd4 10. Nd1 d5 11. e5 Qb6 12. d3 O-O 13. Qf2 f6 14. exf6 Bxf6 15.
Bg4 Bd7 16. Re1 Qd6 17. Qg3 Rae8 18. Nf2 Bg7 19. Qh3 Nf5 20. Bd2 e5 21. fxe5
Bxe5 22. g3 h5 23. Bxf5 Rxf5 24. Qg2 Ref8 25. Nh3 Qf6 26. Rf1 Rxf1+ 27. Rxf1
Qxf1+ 28. Qxf1 Rxf1+ 29. Kxf1 Bxh3+ 30. Kf2 Kf7 31. c3 Bf5 32. c4 Bxd3 33. cxd5
0-1

[Event "23. Torneo San Viator"]
[Site "Madrid ESP"]
[Date "2014.10.05"]
[Round "2.15"]
[White "Rosa Ramirez, Victor D"]
[Black "Ore Leon, Gustavo"]
[Result "1-0"]
[WhiteElo "2023"]
[BlackElo "1785"]
[PlyCount "57"]
[EventDate "2014.09.28"]
[EventType "swiss"]
[EventRounds "9"]
[EventCountry "ESP"]
[SourceTitle "Ajedrez en Madrid"]
[Source "lmi"]
[SourceDate "2014.09.28"]
[SourceVersion "1"]
[SourceVersionDate "2014.12.18"]
[SourceQuality "1"]

1. e4 c5 2. c3 Nf6 3. e5 Nd5 4. d4 cxd4 5. cxd4 d6 6. Bc4 e6 7. Nf3 Nc6 8. O-O
Nb6 9. Bb5 Bd7 10. Bf4 d5 11. Nc3 a6 12. Be2 Be7 13. Rc1 O-O 14. Bd3 f5 15.
exf6 Bxf6 16. Bg6 Rf7 17. Bb1 Nc4 18. Bg3 g5 19. b3 N4a5 20. Re1 b5 21. Qd2 Rg7
22. Nd1 Qb6 23. Ne5 Nxd4 24. Ng4 Bd8 25. Be5 Naxb3 26. axb3 Nxb3 27. Nh6+ Kf8
28. Qb4+ Re7 29. Qxb3 1-0